| 000 | 02144cam a2200565 i 4500 | ||
|---|---|---|---|
| 001 | 20665 | ||
| 003 | KOSZ 005 | ||
| 005 | 20250623111142.0 | ||
| 008 | 250529s1979 pl a g 001 0 pol | ||
| 015 | _aUWD 1980/2325 | ||
| 035 | _a991013295549705066 | ||
| 035 | _a(PL-WaBN)b13585174-48omnis_nlop | ||
| 035 | _ab13585174 | ||
| 035 | _a(OCoLC)749990738 | ||
| 035 | _azz2005961253 | ||
| 035 | _a(PL)b0000001358517 | ||
| 035 | _a(EXLNZ-48OMNIS_NETWORK)9910252408105606 | ||
| 040 |
_aWA N _cWA N _dKOSZ 005/RW |
||
| 045 | _bd1939 | ||
| 046 | _k1979 | ||
| 080 | _a94(438).082 | ||
| 080 | _a94(438).082.1 | ||
| 080 | _a355(438) | ||
| 245 | 0 | 0 |
_aUdział społeczeństwa Ziemi Kaliskiej w wojnie obronnej 1939 roku : _bpraca zbiorowa wydana z okazji 40-lecia wojny obronnej narodu polskiego we wrześniu 1939 roku / _cpod redakcją Bogusława Polaka ; Federacja Towarzystw Kulturalnych Ziemi Kaliskiej. |
| 260 |
_aKalisz : _bFederacja Towarzystw Kulturalnych Ziemi Kaliskiej, _c1979. |
||
| 300 |
_a474, [2] strony, [4] karty tablic : _bilustracje, mapy, portrety, tablice ; _c21 cm. |
||
| 336 |
_aTekst _btxt _2rdacontent |
||
| 337 |
_aBez urządzenia pośredniczącego _bn _2rdamedia |
||
| 338 |
_aWolumin _bnc _2rdacarrier |
||
| 380 | _aKsiążki | ||
| 380 | _aPublikacje naukowe | ||
| 388 | 1 | _a1901-2000 | |
| 388 | 1 | _a1945-1989 | |
| 504 | _aIndeksy. | ||
| 648 | 7 |
_a1901-2000 _2DBN |
|
| 648 | 7 |
_a1939-1945 _2DBN |
|
| 650 | 7 |
_aII wojna światowa (1939-1945) _2DBN |
|
| 650 | 7 |
_aKampania wrześniowa (1939) _2DBN |
|
| 650 | 7 |
_aLudność cywilna _2DBN |
|
| 650 | 7 |
_aWojsko _2DBN |
|
| 651 | 7 |
_aKalisz (woj. wielkopolskie ; okolice) _2DBN |
|
| 655 | 7 | _aPraca zbiorowa | |
| 658 | _aBezpieczeństwo i wojskowość | ||
| 658 | _aHistoria | ||
| 700 | 1 |
_aPolak, Bogusław _d(1945- ) _eRedakcja |
|
| 710 | 2 |
_aFederacja Towarzystw Kulturalnych Ziemi Kaliskiej _4pbl |
|
| 856 |
_uhttps://koha.tu.koszalin.pl/cgi-bin/koha/opac-detail.pl?biblionumber=20665 _yKatalog online BPK |
||
| 942 |
_2UKD _cKS |
||
| 999 |
_c20665 _d20665 |
||